Statistics for Marvel Super Heroes

Click here to take the quiz!

General Stats

  • This quiz has been taken 11,143 times
  • The average score is 20 of 35

Answer Stats

HintAnswer% Correct
Tony StarkIron Man
100%
Thor OdinsonThor
98%
Steve RogersCaptain America
97%
Peter ParkerSpider-Man
96%
Natasha RomanoffBlack Widow
90%
Clint BartonHawkeye
84%
T'ChallaBlack Panther
78%
Bruce BannerThe Hulk
76%
Hank PymAnt-Man
74%
Charles XaiverProfessor X
69%
Johnny StormHuman Torch
68%
Reed RichardsMr. Fantastic
67%
Wade WilsonDeadpool
66%
Bucky BarnesWinter Soldier
66%
Scott SummersCyclops
65%
Ben GrimmThing
64%
James RhodesWar Machine
64%
Susan StormInvisible Woman
61%
Eddie BrockVenom
60%
Victor Von DoomDr. Doom
59%
Janet Van DymWasp
59%
James HowlettWolverine
58%
Johnny BlazeGhost Rider
55%
Jean GreyPhoenix
55%
Erik LensherrMagneto
53%
Bobby DrakeIceman
44%
Carol DanversMs. Marvel
40%
Remy LeBeauGambit
36%
Norrin RaddSilver Surfer
31%
Cletus KasadyCarnage
26%
Pepper PottsRescue
24%
Nathan SummersCable
19%
Ben ReillyScarlet Spider
18%
Richard RyderNova
14%
K'LrtSuper Skrull
9%

Score Distribution

Percentile by Number Answered

Percent of People with Each Score

Your Score History

You have not taken this quiz